Les 50 personnalités préférées des français - Statistiques

Statistiques générales
  • Ce quiz a été pris 186 fois
  • Le résultat moyen est 38 sur 50
Statistiques - réponses
Par images Réponse % Correct
Louane
97%
Kylian Mbappé
96%
Soprano
96%
Vianney
95%
Antoine Griezmann
94%
Zinédine Zidane
93%
Jean Dujardin
91%
Julien Doré
91%
Olivier Giroud
91%
Omar Sy
91%
Zazie
91%
Renaud
88%
Teddy Riner
88%
Thomas Pesquet
88%
Dany Boon
87%
Florent Pagny
86%
Grand corps malade
86%
Franck Dubosc
85%
Phillipe Etchebest
85%
Stéphane Plaza
85%
Vanessa Paradis
85%
Gad Elmaleh
84%
Kad Mérad
84%
Florence Foresti
82%
Mimie Mathy
82%
Alexandra Lamy
81%
Christian Clavier
79%
Cyril Lignac
79%
Jean-Jacques Goldman
79%
Jean-Luc Reichmann
77%
Jean Reno
76%
Stéphane Berne
76%
Karine Le Marchand
73%
Alain Chabat
72%
Jordan Bardella
72%
Marion Cotillard
72%
Mylène Farmer
72%
Nolwenn Leroy
70%
Michel Sardou
65%
Virginie Efira
64%
Sophie Marceau
63%
Audrey Fleurot
58%
Alain Souchon
54%
Valérie Lemercier
53%
Antoine Dupont
48%
Josiane Balasko
46%
Francis Cabrel
44%
Faustine Bollaert
40%
Évelyne Dhéliat
35%
Françoise Hardy
33%
Aucun quiz correspondant
Distribution des résultats
% des personnes avec chaque résultat
Percentile par nombre de réponses
Votre historique - résultats
Vous n’avez pas pris ce quiz